[Event "Challenge"]
[Site "http://www.queenalice.com/game.php?id=488390"]
[Date "2008.11.5"]
[Round "-"]
[White "Patrick77"]
[Black "ACG"]
[Result "1-0"]
[WhiteElo "1776"]
[BlackElo "1458"]

1. e4 e5 2. Nf3 Nc6 3. Bb5 Nf6 4. d3 Bc5 5. h3 O-O 6. Bg5 a6 7. Ba4 b5 8. Bb3 d6
9. a3 Bd7 10. O-O h6 11. Bd2 Qe7 12. Re1 a5 13. Be3 a4 14. Ba2 Na5 15. Bxc5 dxc5
16. Nc3 b4 17. axb4 cxb4 18. Nd5 Nxd5 19. Bxd5 Rab8 20. Qd2 c6 21. Ba2 Qf6 22.
d4 Qd6 23. Nxe5 Kh8 24. Nxf7+ Rxf7 25. Bxf7 Rf8 26. e5 Qb8 27. Bg6 Nc4 28. Qc1
Qd8 29. Rxa4 Qb6 30. c3 Na5 31. cxb4 Nb3 32. Qc4 Nxd4 33. Ra6 Qb7 34. Ra2 Be6
35. Qxd4 Bxa2 36. Qd6 Bf7 37. Be4 Qc8 38. Bxc6 Rd8 39. Qe7 Bg6 40. Be4 Bxe4 41.
Rxe4 Re8 42. Qc5 Qf5 43. f3 Kh7 44. Kf2 Qg5 45. f4 Qf5 46. Kf3 1-0

[Event "Aprendendo xadrez"]
[Site "http://www.queenalice.com/game.php?id=491138"]
[Date "2008.11.10"]
[Round "-"]
[White "Patrick77"]
[Black "lcchaves13"]
[Result "1-0"]
[WhiteElo "1790"]
[BlackElo "1275"]

1. e4 e5 2. Nf3 d6 3. h3 b5 4. Bxb5+ c6 5. Ba4 Na6 6. d3 Nc5 7. Bxc6+ Bd7 8.
Bxa8 Qxa8 9. Nc3 f6 10. O-O Nh6 11. Re1 d5 12. Nxd5 Kf7 13. Be3 g5 14. a3 f5 15.
Nxg5+ Kg8 16. Bxc5 Bxc5 17. Nf6+ Kg7 18. Nxd7 a5 19. Nxc5 Qa7 20. Na4 Rb8 21. b3
Kg6 22. Nf3 Nf7 23. Nh4+ Kg7 24. Nxf5+ Kf8 25. Qg4 Qc7 26. Qg7+ Ke8 27. Qg8+ Kd7
28. Qxf7+ Kc8 29. Qxc7+ Kxc7 30. d4 Re8 31. dxe5 Rxe5 32. Rad1 Re6 33. f3 Rc6
34. c4 h6 35. Rd5 Kc8 36. Ne7+ Kc7 37. Nxc6 Kxc6 38. Red1 h5 39. Rd6+ Kc7 40.
R1d5 Kc8 41. Rc5+ Kb7 42. Rb6+ 1-0

[Event "PORTUGAL"]
[Site "http://www.queenalice.com/game.php?id=504050"]
[Date "2008.12.6"]
[Round "5"]
[White "Patrick77"]
[Black "Tosta"]
[Result "0-1"]
[WhiteElo "1769"]
[BlackElo "1959"]

1. e4 d6 2. d4 Nf6 3. Nc3 g6 4. d5 Bg7 5. Nf3 c5 6. Bb5+ Nbd7 7. O-O a6 8. Bd3
O-O 9. Re1 b5 10. b3 Nxd5 11. Rf1 Nxc3 12. Qd2 Bb7 13. Kh1 Nxe4 14. Bxe4 Bxe4
15. Rb1 Ne5 16. Ng5 Bb7 17. Re1 Qd7 18. Qf4 Qg4 19. Qxg4 Nxg4 20. f3 Ne5 21. Bf4
b4 22. Ne4 a5 23. Rbd1 a4 24. h3 axb3 25. axb3 Ra2 26. c3 bxc3 27. Nxc3 Rb2 28.
Rb1 Rxb1 29. Rxb1 Nd3 30. Ne2 Nxf4 31. Nxf4 Ra8 32. b4 Be5 33. Nd3 c4 34. Nxe5
dxe5 35. Rc1 Bd5 36. b5 Ra3 37. b6 Rb3 38. Rd1 e6 39. Kh2 Rxb6 40. Rc1 Kg7 41.
Kg3 Kf6 42. Kg4 h5+ 43. Kh4 Rb2 44. Kg3 Kf5 45. Kh2 Bxf3 46. Rg1 c3 47. Kg3
Rxg2+ 48. Rxg2 Bxg2 49. Kxg2 c2 50. Kg3 c1=Q 51. Kh4 Qe1# 0-1

[Event "Gera"]
[Site "http://www.queenalice.com/game.php?id=512579"]
[Date "2008.12.25"]
[Round "5"]
[White "Patrick77"]
[Black "yanpom"]
[Result "0-1"]
[WhiteElo "1779"]
[BlackElo "1820"]

1. e4 e5 2. Nf3 Nc6 3. Bb5 a6 4. Ba4 b5 5. Bb3 d6 6. h3 Be6 7. Bxe6 fxe6 8. Nc3
Nf6 9. d3 h6 10. O-O Be7 11. a3 O-O 12. Re1 Nd4 13. b4 Nh7 14. Nxd4 exd4 15. Ne2
e5 16. Ng3 Bg5 17. Qg4 Nf6 18. Qe6+ Kh8 19. Bxg5 hxg5 20. Qf5 Nh7 21. Qg6 Rf6
22. Qh5 Rh6 23. Qf7 Rf6 24. Qh5 Qe7 25. Nf5 Qe6 26. Ng3 Rh6 27. Qf3 Rf8 28. Qe2
Rf4 29. Nf5 Rf6 30. g3 R6xf5 31. gxf4 gxf4 32. exf5 Qxf5 33. Rac1 f3 34. Qf1 Ng5
35. h4 Qg4+ 36. Kh2 Qxh4+ 37. Kg1 Nh3+ 38. Kh2 Nxf2+ 39. Kg1 Qg3+ 40. Qg2 Qxg2#
0-1

[Event "sitting bull"]
[Site "http://www.queenalice.com/game.php?id=521325"]
[Date "2009.1.12"]
[Round "3"]
[White "holandes"]
[Black "Patrick77"]
[Result "0-1"]
[WhiteElo "2076"]
[BlackElo "1778"]

1. d4 d5 2. c4 c5 3. e3 cxd4 4. Qxd4 Nc6 5. Qf4 Nf6 6. Nf3 e6 7. Nc3 Bd6 8. Qh4
O-O 9. Bd3 h6 10. Rf1 Re8 11. a3 e5 12. cxd5 Ne7 13. e4 Qb6 14. Rb1 Bd7 15. b4
Rac8 16. Bd2 Ng6 17. Qg3 Nh5 18. Na4 Qd8 19. Bg5 Qc7 20. Rc1 Qb8 21. Nc5 Nxg3
22. hxg3 hxg5 23. Ke2 Bg4 24. Rfe1 b6 25. Na6 Qb7 26. b5 Rxc1 27. Rxc1 Rc8 28.
Bc4 Bxa3 29. Rc2 f6 30. Kf1 Kf8 31. Nd2 Ke7 32. f3 Bd7 33. Nb3 Rh8 34. Kf2 Rh1
35. Bf1 Bd6 36. Nd2 Kd8 37. Nc4 Qc8 38. Ne3 Qb7 39. Nc4 Qc8 40. Ne3 Qa8 41. Nf5
Bxf5 42. exf5 Ne7 43. Be2 Qxd5 44. Rc3 Qa2 45. g4 Qa1 46. Ke3 Qxc3+ 47. Bd3 Qe1+
48. Be2 Nd5+ 49. Kd3 Qb1+ 0-1

[Event "Revanche?"]
[Site "http://www.queenalice.com/game.php?id=523754"]
[Date "2009.1.16"]
[Round "-"]
[White "lcchaves13"]
[Black "Patrick77"]
[Result "0-1"]
[WhiteElo "1364"]
[BlackElo "1765"]

1. d4 d5 2. Nc3 Nf6 3. e3 Bg4 4. f3 Bf5 5. g4 Bg6 6. Bb5+ Nc6 7. Na4 a6 8. Be2
e6 9. Nh3 Bd6 10. f4 O-O 11. Bf3 Be4 12. Bxe4 Nxe4 13. Ng5 Nxg5 14. fxg5 Qxg5
15. h4 Bg3+ 16. Kd2 Bxh4 17. Rh3 Qf6 18. Qh1 Qf2+ 19. Kd1 Bg5 20. Rf3 Qh4 21.
Qg1 Qh6 22. Bd2 Rfe8 23. Qg2 e5 24. dxe5 Nxe5 25. Rh3 Qc6 26. Rh5 h6 27. Nc3
Rad8 28. Nxd5 Qxd5 29. Qxd5 Rxd5 30. Ke2 Nxg4 31. c4 Rf5 32. a4 Rf2+ 33. Ke1 Rg2
34. b4 Rg1+ 35. Ke2 Rxa1 36. Kf3 Ne5+ 37. Ke4 Rd1 38. Bc3 Nxc4+ 39. Kf3 Rxe3+
40. Kf2 Rxc3 41. Ke2 Rd2+ 0-1

[Event "Rapidinho-3"]
[Site "http://www.queenalice.com/game.php?id=524894"]
[Date "2009.1.18"]
[Round "1"]
[White "carina"]
[Black "Patrick77"]
[Result "0-1"]
[WhiteElo "1260"]
[BlackElo "1767"]

1. d4 d5 2. e3 Nf6 3. Bb5+ Nc6 4. Nf3 Bf5 5. Rg1 h6 6. Nc3 e6 7. h4 a6 8. Bxc6+
bxc6 9. b4 Bxb4 10. Qd2 Ne4 11. Qe2 Nxc3 12. Qf1 Bxc2 13. g3 c5 14. Ne5 cxd4 15.
a3 Ne4+ 16. axb4 dxe3 17. fxe3 O-O 18. Rg2 Bb3 19. Rb1 Bc4 20. Qh1 Bb5 21. Nc6
Bxc6 22. Rc2 Bb5 23. g4 Qf6 24. Bd2 Qf2+ 25. Kd1 Nxd2 26. Ra1 Qe2+ 27. Kc1 Nb3+
28. Kb2 Qxe3 29. Ra3 Bc4 30. Qg2 Qe5+ 31. Kb1 c5 32. bxc5 Nxc5 33. Qf2 Rab8+ 34.
Kc1 Nb3+ 35. Kd1 Qe4 36. Rb2 Qxg4+ 37. Ke1 Qe4+ 38. Kd1 e5 39. h5 Nd4 40. Ra4
Rxb2 41. Qxb2 Nf3 42. Qc3 Qb1+ 43. Qc1 Qxc1+ 44. Kxc1 Rc8 45. Rxa6 Bxa6+ 46. Kb1
Bd3+ 47. Kb2 Nd4 48. Ka2 Rb8 49. Ka1 e4 50. Ka2 e3 51. Ka3 e2 52. Ka4 e1=Q 53.
Ka3 Qa1# 0-1

[Event "QA-ANNIV-03"]
[Site "http://www.queenalice.com/game.php?id=525006"]
[Date "2009.1.18"]
[Round "10"]
[White "Patrick77"]
[Black "od_xavier"]
[Result "0-1"]
[WhiteElo "1792"]
[BlackElo "1863"]

1. e4 e5 2. Nf3 Nc6 3. Bb5 Nf6 4. Nc3 Bc5 5. h3 O-O 6. d3 d5 7. Nxd5 Nxd5 8.
exd5 Nd4 9. Nxd4 Bxd4 10. Bc4 c6 11. dxc6 bxc6 12. O-O Bb7 13. Re1 Qf6 14. Be3
Rad8 15. Bxd4 Rxd4 16. Qd2 c5 17. Re4 Bxe4 18. Qa5 Qg5 19. g3 Bf3 20. Qxc5 Rh4
21. Kh2 Rxh3+ 0-1

[Event "Challenge"]
[Site "http://www.queenalice.com/game.php?id=549467"]
[Date "2009.3.3"]
[Round "-"]
[White "Patrick77"]
[Black "SalsaQueen"]
[Result "1-0"]
[WhiteElo "1761"]
[BlackElo "1746"]

1. e4 e5 2. Nf3 d6 3. Bc4 h6 4. Nc3 Nf6 5. d3 a6 6. O-O Bg4 7. Re1 Be7 8. a3 Nc6
9. h3 Bxf3 10. Qxf3 Nd4 11. Qd1 Qd7 12. Ne2 Nxe2+ 13. Qxe2 g5 14. b4 b5 15. Bb3
g4 16. hxg4 Nxg4 17. Qf3 h5 18. Qxf7+ Kd8 19. Qg7 Rf8 20. Qg6 Nf6 21. Qg5 Nxe4
22. Qxh5 Nxf2 23. Bd5 c6 24. Bf3 Qa7 25. Be3 c5 26. Bxa8 Nxd3 27. cxd3 Qxa8 28.
Bg5 Bxg5 29. Qxg5+ Kc7 30. Qg7+ Kc6 31. Rf1 Rg8 32. Qh7 Kb6 33. Qe4 Qd8 34. Rf5
d5 35. Qxe5 Re8 36. Rf6+ Kb7 37. Rf7+ Kb6 38. Qf6+ Qxf6 39. Rxf6+ Kb7 40. bxc5
Rc8 41. d4 Ka7 42. Rf7+ Kb8 43. Re1 a5 44. Re6 Rc7 45. Rb6+ Kc8 46. Rf8+ Kd7 47.
Rd6+ Ke7 48. Rh8 1-0

[Event "Challenge"]
[Site "http://www.queenalice.com/game.php?id=557169"]
[Date "2009.3.17"]
[Round "-"]
[White "citryien"]
[Black "Patrick77"]
[Result "1/2-1/2"]
[WhiteElo "1600"]
[BlackElo "1779"]

1. Nf3 d5 2. d4 Nf6 3. c4 c5 4. e3 cxd4 5. Nxd4 e6 6. cxd5 Nxd5 7. Bd2 Be7 8.
Nc3 O-O 9. Be2 Nxc3 10. Bxc3 b6 11. O-O Bb7 12. Bf3 Bxf3 13. Qxf3 Nd7 14. Rfd1
Rc8 15. Rac1 Bg5 16. Nb5 a6 17. Nd6 Rb8 18. Ne4 Bh6 19. Rd6 Qe7 20. Rcd1 Rfd8
21. Bb4 Qe8 22. b3 Ne5 23. Qe2 a5 24. Rxd8 Rxd8 25. Rxd8 Qxd8 26. Be1 Qc7 27.
Qd1 g6 28. Bc3 Bg7 29. Bxe5 Bxe5 30. g3 Qc6 31. Qd8+ Kg7 32. Qd3 Qc1+ 33. Kg2
Qa3 34. Qc2 b5 1/2-1/2

[Event "Challenge"]
[Site "http://www.queenalice.com/game.php?id=560881"]
[Date "2009.3.24"]
[Round "-"]
[White "Magico"]
[Black "Patrick77"]
[Result "0-1"]
[WhiteElo "1541"]
[BlackElo "1819"]

1. d4 d5 2. c3 Nf6 3. Nf3 h6 4. Nbd2 Bg4 5. Qb3 b6 6. Ne5 Bh5 7. Ndf3 e6 8. e3
a6 9. Be2 Nfd7 10. Nxd7 Qxd7 11. Ne5 Qd8 12. Bxh5 Qg5 13. Bf3 Bd6 14. Qc2 Bxe5
15. h4 Qf6 16. Qa4+ b5 17. Qc2 Bd6 18. Bd2 O-O 19. O-O-O Re8 20. b3 Ba3+ 21. Kb1
c5 22. g3 c4 23. e4 Qxf3 24. Rhf1 dxe4 25. bxc4 bxc4 26. Qa4 Bd6 27. Qxe8+ Bf8
28. a4 a5 0-1

[Event "Challenge"]
[Site "http://www.queenalice.com/game.php?id=561993"]
[Date "2009.3.26"]
[Round "-"]
[White "Uchoas"]
[Black "Patrick77"]
[Result "0-1"]
[WhiteElo "1525"]
[BlackElo "1772"]

1. d4 d5 2. e3 Nf6 3. Bd3 Nc6 4. Nf3 Bg4 5. Nbd2 e6 6. a3 Be7 7. c4 O-O 8. h3
Bh5 9. g4 Bg6 10. Qc2 Bxd3 11. Qxd3 dxc4 12. Nxc4 Qd5 13. O-O Qxf3 0-1

[Event "Challenge"]
[Site "http://www.queenalice.com/game.php?id=563768"]
[Date "2009.3.30"]
[Round "-"]
[White "lupo1"]
[Black "Patrick77"]
[Result "0-1"]
[WhiteElo "1863"]
[BlackElo "1801"]

1. d4 d5 2. c4 c5 3. e3 Nf6 4. Nd2 cxd4 5. exd4 e6 6. Ngf3 Nc6 7. a3 Be7 8. c5
O-O 9. Bd3 b6 10. b4 bxc5 11. dxc5 e5 12. Bc2 e4 13. Nh4 g5 14. Ba4 Bd7 15. Bxc6
Bxc6 16. Nf5 Qd7 17. g4 Ba4 18. Qe2 Bb5 19. Qe3 Nxg4 20. Nxe7+ Qxe7 21. Qd4 Qe6
22. Bb2 f6 23. O-O-O Qe5 24. Nf1 Rad8 25. h3 Qxd4 26. Bxd4 Ne5 27. Bxe5 fxe5 28.
Rh2 Rf3 29. Nd2 Rxa3 30. Nxe4 Ra1+ 31. Kb2 Rxd1 32. Nc3 Rd2+ 33. Kc1 Rd4 34.
Nxb5 Rc4+ 35. Kb2 Rxb4+ 0-1

[Event "Rapidinho-3"]
[Site "http://www.queenalice.com/game.php?id=571953"]
[Date "2009.4.14"]
[Round "2"]
[White "holandes"]
[Black "Patrick77"]
[Result "1-0"]
[WhiteElo "2070"]
[BlackElo "1806"]

1. e4 e5 2. Nf3 Nc6 3. d4 Nxd4 4. Nxe5 c5 5. Bc4 Ne6 6. O-O Bd6 7. Nf3 Qc7 8. g3
Be7 9. Nc3 d6 10. Re1 Nf6 11. Bxe6 Bxe6 12. Bf4 Bd7 13. e5 dxe5 14. Bxe5 Qc6 15.
Qd3 O-O 16. Rab1 b6 17. Ng5 h6 18. Bxf6 Bxf6 19. Qh7# 1-0

[Event "citryien"]
[Site "http://www.queenalice.com/game.php?id=574792"]
[Date "2009.4.20"]
[Round "1"]
[White "Martin_Stahl"]
[Black "Patrick77"]
[Result "1-0"]
[WhiteElo "1940"]
[BlackElo "1786"]

1. c4 e5 2. Nc3 Nf6 3. e4 b6 4. Nf3 Bb7 5. d3 d6 6. Be2 h6 7. O-O Be7 8. Qc2 O-O
9. Be3 Ng4 10. Nd1 Nxe3 11. Nxe3 Na6 12. a3 Nc5 13. b4 Ne6 14. d4 Ng5 15. d5 Bc8
16. Nf5 Bf6 17. c5 Nxf3+ 18. Bxf3 g6 19. Nxh6+ Kg7 20. Ng4 Bg5 21. Ne3 Rh8 22.
Rac1 Qf6 23. Qd1 Bf4 24. g3 Bg5 25. Rc3 a5 26. cxd6 axb4 27. axb4 cxd6 28. Nc4
Rb8 29. b5 Bd7 30. Qb3 Rh7 31. Be2 Bc8 32. Nxb6 Bb7 33. Nd7 Qd8 34. Nxb8 Qxb8
35. Kg2 Qa7 36. b6 Qa5 37. Rc7 Ba8 38. b7 Bxb7 39. Qxb7 Kf6 40. Qc8 Kg7 41. Qd7
Kh6 42. Qh3+ Kg7 43. Rxf7+ Kxf7 44. Qxh7+ Kf6 45. Qc7 1-0

[Event "sitting bull"]
[Site "http://www.queenalice.com/game.php?id=585121"]
[Date "2009.5.8"]
[Round "4"]
[White "Patrick77"]
[Black "Lintz"]
[Result "0-1"]
[WhiteElo "1824"]
[BlackElo "1967"]

1. e4 e5 2. Nf3 Qe7 3. Nc3 c6 4. Bc4 g6 5. d3 Bg7 6. O-O Nf6 7. Bg5 O-O 8. Re1
d6 9. h3 a5 10. a3 h6 11. Be3 Be6 12. Bxe6 fxe6 13. Qd2 Kh7 14. Ne2 d5 15. Nxe5
Nfd7 16. Nxd7 Qxd7 17. Bd4 Qf7 18. f3 e5 19. Bf2 Nd7 20. c3 c5 21. exd5 Qxd5 22.
Qe3 Rf7 23. Bg3 Rc8 24. Rab1 b5 25. b4 a4 26. Qe4 Qe6 27. Bf2 Nf6 28. Qe3 c4 29.
d4 Nd5 30. Qe4 Re8 31. Bg3 exd4 32. Qxe6 Rxe6 33. cxd4 Re3 34. Ra1 Rxe2 35. Be5
Rxe1+ 36. Rxe1 Re7 37. Kf2 g5 0-1

[Event "Rapidinho-3"]
[Site "http://www.queenalice.com/game.php?id=600322"]
[Date "2009.6.8"]
[Round "3"]
[White "Patrick77"]
[Black "gupi"]
[Result "1-0"]
[WhiteElo "1814"]
[BlackElo "1246"]

1. e4 Nf6 2. Nc3 d5 3. exd5 Nxd5 4. Nxd5 Qxd5 5. Nf3 Qe4+ 6. Be2 e6 7. d4 Bb4+
8. c3 Ba5 9. O-O O-O 10. Bd3 Qg4 11. Re1 Nd7 12. h3 Qh5 13. Qc2 c5 14. dxc5 Nxc5
15. Re5 f5 16. Rxc5 Bb6 17. Re5 Bc7 18. Re1 Rd8 19. Bc4 Bb6 20. Be3 g5 21. Bxg5
Re8 22. Be3 Bxe3 23. Rxe3 f4 24. Re5 Qg6 25. Qxg6+ hxg6 26. Rae1 g5 27. Rxg5+
Kf8 28. Rge5 a6 29. Bxe6 Bxe6 30. Rxe6 b5 31. Rxe8+ Rxe8 32. Rxe8+ Kxe8 33. h4
Kf7 34. g3 fxg3 35. fxg3 a5 36. h5 Kg7 37. g4 Kh6 38. Kh2 Kh7 39. g5 Kh8 40. g6
Kg7 41. Kh3 b4 42. cxb4 axb4 43. a3 1-0

[Event "Challenge"]
[Site "http://www.queenalice.com/game.php?id=607660"]
[Date "2009.6.23"]
[Round "-"]
[White "pedropgps"]
[Black "Patrick77"]
[Result "0-1"]
[WhiteElo "1165"]
[BlackElo "1776"]

1. e4 e5 2. Nf3 Nc6 3. Bc4 Nf6 4. d3 Bc5 5. Bg5 h6 6. Bh4 O-O 7. Nc3 Ng4 8. Bxd8
Rxd8 9. O-O Re8 10. Nd5 Bd6 11. h3 Nf6 12. Nxf6+ gxf6 13. Bd5 Nb4 14. Bb3 b6 15.
c3 Nc6 16. d4 Bb7 17. Qd3 Ne7 18. Qe3 Kg7 19. Rad1 Ng6 20. Nh2 c5 21. Nf3 Ne7
22. Nh4 Rad8 23. Qf3 Bc7 24. Qg4+ Ng6 25. Nxg6 fxg6 26. Rfe1 h5 27. Qf3 d6 28.
d5 b5 29. Re3 c4 30. Bc2 Bb6 31. Re2 a5 32. b3 Rc8 0-1

[Event "Challenge"]
[Site "http://www.queenalice.com/game.php?id=640962"]
[Date "2009.8.23"]
[Round "-"]
[White "ORNELAS"]
[Black "Patrick77"]
[Result "1-0"]
[WhiteElo "1644"]
[BlackElo "1816"]

1. d4 d5 2. Nf3 Bg4 3. Nbd2 Nf6 4. h3 Bh5 5. a3 Nc6 6. b4 h6 7. c3 e6 8. Nh2 Bd6
9. Ndf3 O-O 10. Be3 Re8 11. Qd2 a5 12. Bxh6 gxh6 13. Qxh6 Bf8 14. Qg5+ Bg6 15.
Nh4 Ne4 16. Qf4 Bd6 17. Qh6 Bf8 18. Qf4 Qf6 19. Qxf6 Nxf6 20. Nxg6 1-0

[Event "citryien"]
[Site "http://www.queenalice.com/game.php?id=785985"]
[Date "2010.6.5"]
[Round "3"]
[White "Noyender"]
[Black "Patrick77"]
[Result "1-0"]
[WhiteElo "1788"]
[BlackElo "1788"]

1. e4 e5 2. f4 exf4 3. Nf3 Nc6 4. d4 Qf6 5. e5 Qf5 6. Bd3 Qg4 7. Qe2 g6 8. Nc3
Nge7 9. Bd2 Bg7 10. O-O-O O-O 11. h3 Qh5 12. Bxf4 Bh6 13. g4 Bxf4+ 14. Kb1 Qh6
15. h4 d6 16. Qe4 Bxg4 17. Ne2 Bxf3 18. Qxf3 dxe5 19. dxe5 Bxe5 20. h5 Qg7 21.
c3 Qf6 22. Qh3 a6 23. hxg6 Rfc8 24. gxh7+ Kg7 25. Rdg1+ Ng6 26. Ng3 Nce7 27.
Nh5+ 1-0